Inkheart (Record no. 516)
[ view plain ]
| 000 -LEADER | |
|---|---|
| fixed length control field | 03261cgm a2200637Ia 4500 |
| 003 - CONTROL NUMBER IDENTIFIER | |
| control field | data |
| 005 - DATE AND TIME OF LATEST TRANSACTION | |
| control field | 20260322212023.0 |
| 007 - PHYSICAL DESCRIPTION FIXED FIELD--GENERAL INFORMATION | |
| fixed length control field | data |
| 008 - FIXED-LENGTH DATA ELEMENTS--GENERAL INFORMATION | |
| fixed length control field | data |
| 020 ## - INTERNATIONAL STANDARD BOOK NUMBER | |
| International Standard Book Number | 1419876007 |
| 020 ## - INTERNATIONAL STANDARD BOOK NUMBER | |
| International Standard Book Number | 9781419876004 |
| 024 1# - OTHER STANDARD IDENTIFIER | |
| Standard number or code | 794043127311 |
| 028 42 - PUBLISHER OR DISTRIBUTOR NUMBER | |
| Publisher or distributor number | 1000044824 |
| Source | New Line Home Entertainment |
| 028 42 - PUBLISHER OR DISTRIBUTOR NUMBER | |
| Publisher or distributor number | 2000006572 |
| Source | New Line Home Entertainment |
| 028 42 - PUBLISHER OR DISTRIBUTOR NUMBER | |
| Publisher or distributor number | 3000020720 |
| Source | New Line Home Entertainment |
| 037 ## - SOURCE OF ACQUISITION | |
| Source of stock number/acquisition | Midwest Tape |
| Note | http://www.midwesttapes.com |
| 040 ## - CATALOGING SOURCE | |
| Original cataloging agency | TEFMT |
| Transcribing agency | TEFMT |
| Modifying agency | JCU |
| -- | BTCTA |
| -- | TEFMT |
| -- | FTL |
| -- | IA4 |
| -- | UPZ |
| -- | JCU |
| 041 1# - LANGUAGE CODE | |
| Language code of text/sound track or separate title | eng |
| Language code of summary or abstract | spa |
| Language code of original | eng |
| 050 14 - LIBRARY OF CONGRESS CALL NUMBER | |
| Classification number | PN1997 |
| Item number | .I545 2009 |
| 090 ## - LOCALLY ASSIGNED LC-TYPE CALL NUMBER (OCLC); LOCAL CALL NUMBER (RLIN) | |
| Classification number (OCLC) (R) ; Classification number, CALL (RLIN) (NR) | DVD 525 |
| 001 - CONTROL NUMBER | |
| control field | data |
| 245 10 - TITLE STATEMENT | |
| Title | Inkheart |
| Medium | [videorecording] / |
| Statement of responsibility, etc. | Iain Softley ... [et al.]. |
| 260 ## - PUBLICATION, DISTRIBUTION, ETC. | |
| Place of publication, distribution, etc. | [Burbank, Calif.] : |
| Name of publisher, distributor, etc. | New Line Home Entertainment, |
| Date of publication, distribution, etc. | [2009] |
| 300 ## - PHYSICAL DESCRIPTION | |
| Extent | 1 videodisc (106 min.) : |
| Other physical details | sd., col. ; |
| Dimensions | 4 3/4 in. |
| 500 ## - GENERAL NOTE | |
| General note | Based on the book by Cornelia Funke. |
| 500 ## - GENERAL NOTE | |
| General note | Originally released as a motion picture in 2008. |
| 500 ## - GENERAL NOTE | |
| General note | Special feature: Eliza reads to us (actress Eliza Bennett shares one of her favorite passages from the book that did not end up in the movie, accompanied by Cornelia Funke's illustrations of the story). |
| 508 ## - CREATION/PRODUCTION CREDITS NOTE | |
| Creation/production credits note | Director of photography, Roger Pratt ; editor, Martin Walsh ; music, Javier Navarrete ; production designer, John Beard ; costume designer, Verity Hawkes. |
| 511 1# - PARTICIPANT OR PERFORMER NOTE | |
| Participant or performer note | Brendan Fraser, Sienna Guillory, Eliza Hope Bennett, Richard Strange, Paul Bettany, Helen Mirren, Rafi Gavron, Andy Serkis, Jim Broadbent. |
| 520 ## - SUMMARY, ETC. | |
| Summary, etc. | When Mo Folchart reads a story aloud, the characters leap off the page. Literally. And that's a problem. One night he brings out three characters from Inkheart, a story set in medieval times and filled with magical beings. Capricorn and Basta are two villains. Dustfinger is a fire-eater. Now, 10 years later Mo's daughter, Meggie, discovers the truth and it's up to her to escape Capricorn's evil grasp. Mo has been searching for a long lost book that will help so he can use his special powers to send the interlopers back to their world. |
| 521 8# - TARGET AUDIENCE NOTE | |
| Target audience note | MPAA rating: PG; for fantasy adventure action, some scary moments and brief language. |
| 538 ## - SYSTEM DETAILS NOTE | |
| System details note | DVD, region 1, full screen (1.33:1) and widescreen (2.40:1); Dolby Digital. |
| 546 ## - LANGUAGE NOTE | |
| Language note | In English with optional English and Spanish subtitles; English subtitles for the deaf and hard of hearing. |
| 650 #0 - SUBJECT ADDED ENTRY--TOPICAL TERM | |
| Topical term or geographic name entry element | Oral reading |
| Form subdivision | Drama. |
| 650 #0 - SUBJECT ADDED ENTRY--TOPICAL TERM | |
| Topical term or geographic name entry element | Characters and characteristics in literature |
| Form subdivision | Drama. |
| 650 #0 - SUBJECT ADDED ENTRY--TOPICAL TERM | |
| Topical term or geographic name entry element | Time travel |
| Form subdivision | Drama. |
| 650 #0 - SUBJECT ADDED ENTRY--TOPICAL TERM | |
| Topical term or geographic name entry element | Fathers and daughters |
| Form subdivision | Drama. |
| 650 #0 - SUBJECT ADDED ENTRY--TOPICAL TERM | |
| Topical term or geographic name entry element | Missing persons |
| Form subdivision | Drama. |
| 700 1# - ADDED ENTRY--PERSONAL NAME | |
| Personal name | Softley, Iain. |
| 700 1# - ADDED ENTRY--PERSONAL NAME | |
| Personal name | Pokorny, Diana. |
| 700 1# - ADDED ENTRY--PERSONAL NAME | |
| Personal name | Funke, Cornelia Caroline. |
| 700 1# - ADDED ENTRY--PERSONAL NAME | |
| Personal name | Lindsay-Abaire, David. |
| 700 1# - ADDED ENTRY--PERSONAL NAME | |
| Personal name | Fraser, Brendan, |
| Dates associated with a name | 1968- |
| 700 1# - ADDED ENTRY--PERSONAL NAME | |
| Personal name | Guillory, Sienna, |
| Dates associated with a name | 1975- |
| 700 1# - ADDED ENTRY--PERSONAL NAME | |
| Personal name | Bennett, Eliza Hope. |
| 700 1# - ADDED ENTRY--PERSONAL NAME | |
| Personal name | Strange, Richard, |
| Dates associated with a name | 1951- |
| 700 1# - ADDED ENTRY--PERSONAL NAME | |
| Personal name | Bettany, Paul, |
| Dates associated with a name | 1971- |
| 700 1# - ADDED ENTRY--PERSONAL NAME | |
| Personal name | Mirren, Helen. |
| 700 1# - ADDED ENTRY--PERSONAL NAME | |
| Personal name | Gavron, Rafi. |
| 700 1# - ADDED ENTRY--PERSONAL NAME | |
| Personal name | Serkis, Andy. |
| 700 1# - ADDED ENTRY--PERSONAL NAME | |
| Personal name | Broadbent, Jim. |
| 700 1# - ADDED ENTRY--PERSONAL NAME | |
| Personal name | Funke, Cornelia Caroline. |
| Title of a work | Tintenherz. |
| Language of a work | English. |
| 710 2# - ADDED ENTRY--CORPORATE NAME | |
| Corporate name or jurisdiction name as entry element | Warner Home Video (Firm) |
| 710 2# - ADDED ENTRY--CORPORATE NAME | |
| Corporate name or jurisdiction name as entry element | New Line Cinema Corporation. |
| 710 2# - ADDED ENTRY--CORPORATE NAME | |
| Corporate name or jurisdiction name as entry element | New Line Home Entertainment (Firm) |
| Withdrawn status | Lost status | Damaged status | Not for loan | Home library | Current library | Shelving location | Date acquired | Total checkouts | Full call number | Barcode | Date last seen | Price effective from | Koha item type |
|---|---|---|---|---|---|---|---|---|---|---|---|---|---|
| Centerville | Centerville | General stacks | 22/03/2026 | PN1997 .I545 2009 | BC0010528 | 22/03/2026 | 22/03/2026 | Books |